[Event "33. Abierto Ciudad de Sevilla"]
[Site "Sevilla ESP"]
[Date "2008.01.08"]
[Round "5.16"]
[White "Lopez Rodriguez, Fernando"]
[Black "Pogorelov, Ruslan"]
[Result "0-1"]
[WhiteElo "2159"]
[BlackElo "2396"]
[PlyCount "80"]
[EventDate "2008.01.05"]
[EventType "swiss"]
[EventRounds "9"]
[EventCountry "ESP"]
[Source "lmi"]
[SourceDate "2008.01.05"]

1. d4 Nf6 2. g3 e6 3. Bg2 c5 4. Nf3 cxd4 5. Nxd4 d5 6. O-O e5 7. Nf3 Nc6 8. c4
d4 9. e4 Bg4 10. h3 Bh5 11. g4 Bg6 12. Nxe5 Nxe5 13. f4 Nc6 14. f5 Nd7 15. a3
a5 16. Bf4 Nde5 17. Qa4 Bd6 18. c5 Bc7 19. Bxe5 Bxe5 20. Nd2 O-O 21. Nf3 Qe7
22. Qc4 a4 23. fxg6 hxg6 24. Nxe5 Qxe5 25. Rf2 Rad8 26. Rd1 Qe7 27. Qxa4 Qxc5
28. Rc2 Qb6 29. Rd3 Ne5 30. Rb3 Qe6 31. Rb4 d3 32. Rd2 Rd7 33. Qb3 Qe7 34. Rb5
Rc8 35. Kh2 Qd6 36. Kh1 Rc1+ 37. Rd1 Rxd1+ 38. Qxd1 Qc7 39. Bf3 Nxf3 40. Qxf3
d2 0-1

[Event "33. Abierto Ciudad de Sevilla"]
[Site "Sevilla ESP"]
[Date "2008.01.08"]
[Round "5.18"]
[White "Ivanov, Jordan"]
[Black "Ramos Suria, Felix"]
[Result "1-0"]
[WhiteElo "2371"]
[BlackElo "2106"]
[PlyCount "43"]
[EventDate "2008.01.05"]
[EventType "swiss"]
[EventRounds "9"]
[EventCountry "ESP"]
[Source "lmi"]
[SourceDate "2008.01.05"]

1. d4 d5 2. Nf3 Nc6 3. Bf4 Bg4 4. e3 e6 5. c4 Bd6 6. Bxd6 Qxd6 7. Nc3 Nge7 8.
h3 Bxf3 9. Qxf3 O-O 10. cxd5 Nxd5 11. a3 Rad8 12. Ne4 Qe7 13. Bc4 a6 14. O-O
Na5 15. Ba2 b6 16. Rac1 Nb7 17. Rc6 Nd6 18. Ng3 Nb5 19. Rfc1 Rd7 20. Nh5 Na7
21. Bxd5 exd5 22. Qg3 1-0

[Event "33. Abierto Ciudad de Sevilla"]
[Site "Sevilla ESP"]
[Date "2008.01.08"]
[Round "5.19"]
[White "Morales Araujo, Francisco J"]
[Black "Lanzani, Mario"]
[Result "0-1"]
[WhiteElo "2145"]
[BlackElo "2349"]
[PlyCount "50"]
[EventDate "2008.01.05"]
[EventType "swiss"]
[EventRounds "9"]
[EventCountry "ESP"]
[Source "lmi"]
[SourceDate "2008.01.05"]

1. f4 Nf6 2. Nf3 d5 3. g3 g6 4. Bg2 Bg7 5. c3 O-O 6. O-O Nc6 7. d3 Qd6 8. Qc2
a5 9. a4 e5 10. fxe5 Nxe5 11. Bf4 Qb6+ 12. Kh1 Neg4 13. e4 dxe4 14. dxe4 Ne3
15. Bxe3 Qxe3 16. Nbd2 Ng4 17. Nb3 Qb6 18. Nbd4 Ne3 19. Qf2 Nxf1 20. Rxf1 Bg4
21. Ng5 h6 22. Qf4 hxg5 23. Qxg4 Bxd4 24. cxd4 Qxd4 25. Qxg5 Rfe8 0-1

[Event "33. Abierto Ciudad de Sevilla"]
[Site "Sevilla ESP"]
[Date "2008.01.08"]
[Round "5.20"]
[White "Fenollar Jorda, Manuel"]
[Black "Martin Vazquez, Jose Miguel"]
[Result "1-0"]
[WhiteElo "2253"]
[BlackElo "2102"]
[PlyCount "81"]
[EventDate "2008.01.05"]
[EventType "swiss"]
[EventRounds "9"]
[EventCountry "ESP"]
[Source "lmi"]
[SourceDate "2008.01.05"]

1. d4 Nf6 2. Nf3 g6 3. Bg5 Bg7 4. Nbd2 O-O 5. e4 d6 6. Bc4 Nxe4 7. Nxe4 d5 8.
Bd3 dxe4 9. Bxe4 c5 10. c3 cxd4 11. Nxd4 Qa5 12. Be3 Rd8 13. O-O Nc6 14. Nxc6
bxc6 15. Qc2 Bf5 16. Bxf5 gxf5 17. a4 Qe5 18. Rfd1 c5 19. g3 h5 20. h4 Bf6 21.
Rxd8+ Rxd8 22. Rd1 Rxd1+ 23. Qxd1 Qe4 24. Qxh5 Qb1+ 25. Kg2 Qxb2 26. Qxf5 Qxc3
27. Qxc5 a6 28. Qxc3 Bxc3 29. Kf3 e6 30. Ke4 f5+ 31. Kd3 Be1 32. Kc4 e5 33. Kd5
f4 34. gxf4 exf4 35. Bd4 Kh7 36. Ke4 Bd2 37. Kf5 Kh6 38. Kg4 Kg6 39. f3 Be1 40.
h5+ Kh6 41. Be5 1-0

[Event "33. Abierto Ciudad de Sevilla"]
[Site "Sevilla ESP"]
[Date "2008.01.09"]
[Round "6.5"]
[White "Epishin, Vladimir"]
[Black "Ivanov, Jordan"]
[Result "1-0"]
[WhiteElo "2577"]
[BlackElo "2371"]
[PlyCount "57"]
[EventDate "2008.01.05"]
[EventType "swiss"]
[EventRounds "9"]
[EventCountry "ESP"]
[Source "lmi"]
[SourceDate "2008.01.05"]

1. c4 c5 2. Nf3 Nc6 3. e3 e6 4. d4 d5 5. cxd5 exd5 6. Bb5 cxd4 7. exd4 Qa5+ 8.
Nc3 Bb4 9. Bxc6+ bxc6 10. O-O Ne7 11. Bd2 Bg4 12. a3 Bxc3 13. Bxc3 Qc7 14. Bb4
O-O 15. Re1 Rfe8 16. Qe2 Be6 17. Bxe7 Rxe7 18. Qc2 f6 19. Re3 Rae8 20. Rae1 Qd6
21. Qc5 Qd7 22. b4 Kf7 23. h3 Rb8 24. Nd2 Rb5 25. Qc2 Kg8 26. Nb3 Bf5 27. Rxe7
Qxe7 28. Rxe7 Bxc2 29. Na5 1-0

[Event "33. Abierto Ciudad de Sevilla"]
[Site "Sevilla ESP"]
[Date "2008.01.09"]
[Round "6.7"]
[White "Aroshidze, Levan"]
[Black "Van Hoolandt, Patrick"]
[Result "1-0"]
[WhiteElo "2535"]
[BlackElo "2216"]
[PlyCount "87"]
[EventDate "2008.01.05"]
[EventType "swiss"]
[EventRounds "9"]
[EventCountry "ESP"]
[Source "lmi"]
[SourceDate "2008.01.05"]

1. e4 e5 2. Nf3 Nc6 3. Bb5 Nf6 4. O-O Nxe4 5. d4 Nd6 6. Bxc6 dxc6 7. dxe5 Nf5
8. Qxd8+ Kxd8 9. Nc3 Ne7 10. h3 Ng6 11. Ne4 h6 12. Re1 c5 13. Be3 b6 14. Rad1+
Bd7 15. Ng3 Kc8 16. Bc1 Be6 17. a3 a5 18. Nh5 Rg8 19. g4 Be7 20. Nh2 Nh4 21. f4
g6 22. Nf6 Rh8 23. Kf2 h5 24. Kg3 hxg4 25. hxg4 Bxf6 26. exf6 Kb7 27. Nf1 Kc6
28. Nd2 g5 29. f5 Bxf5 30. gxf5 Nxf5+ 31. Kg2 Rh4 32. Nf3 Rg4+ 33. Kf2 Kb7 34.
Rg1 Rc4 35. c3 g4 36. Ne5 g3+ 37. Rxg3 Re4 38. Rg5 Rxe5 39. Bf4 Rae8 40. Bxe5
Rxe5 41. Rd7 Nh6 42. Rxe5 Ng4+ 43. Kg3 Nxe5 44. Re7 1-0

[Event "33. Abierto Ciudad de Sevilla"]
[Site "Sevilla ESP"]
[Date "2008.01.09"]
[Round "6.11"]
[White "Lanzani, Mario"]
[Black "Fernandez Romero, Ernesto"]
[Result "1/2-1/2"]
[WhiteElo "2349"]
[BlackElo "2462"]
[PlyCount "173"]
[EventDate "2008.01.05"]
[EventType "swiss"]
[EventRounds "9"]
[EventCountry "ESP"]
[Source "lmi"]
[SourceDate "2008.01.05"]

1. d4 Nf6 2. c4 d6 3. Nc3 e5 4. d5 Be7 5. e4 O-O 6. Nge2 a5 7. Ng3 Na6 8. Be2
Nc5 9. O-O Nfd7 10. b3 Bg5 11. Rb1 Bf4 12. Bxf4 exf4 13. Nh5 Qg5 14. Qd2 Nf6
15. Qxf4 Qxf4 16. Nxf4 Nfxe4 17. Nxe4 Nxe4 18. Rbc1 Nc5 19. h4 Re8 20. Rfe1 Bf5
21. f3 h6 22. g4 Bh7 23. Kf2 Re5 24. Bf1 Rae8 25. Rxe5 Rxe5 26. Rd1 g5 27. hxg5
hxg5 28. Nd3 Bxd3 29. Bxd3 Kg7 30. Bc2 Re8 31. Rh1 Kf6 32. Rh6+ Ke5 33. Ke3 b5
34. Be4 bxc4 35. bxc4 Rb8 36. Rh7 Kf6 37. Rh6+ Ke7 38. Rh5 a4 39. Rxg5 a3 40.
Rh5 Rb2 41. Rh8 Rxa2 42. Ra8 Ra1 43. Bc2 Nd7 44. Ra7 Kf6 45. Kd2 Ne5 46. f4
Nxg4 47. Rxc7 Rf1 48. Ra7 Rxf4 49. Kc3 Ne5 50. Bb3 Rf3+ 51. Kc2 Nd3 52. Rxa3
Nc5 53. Kb2 Ke5 54. Bc2 Rf2 55. Rh3 f5 56. Kc3 Rg2 57. Rh5 Rg3+ 58. Kd2 Rg2+
59. Kc3 Rf2 60. Bb1 Rf3+ 61. Kd2 Nb3+ 62. Ke1 Na5 63. Ke2 Rf4 64. c5 dxc5 65.
d6 Kxd6 66. Rxf5 Rh4 67. Bd3 Nc6 68. Kd2 Ne5 69. Be2 Rd4+ 70. Kc3 Re4 71. Kd2
Rh4 72. Rf8 Ra4 73. Rd8+ Kc6 74. Rc8+ Kd5 75. Rd8+ Ke4 76. Kc3 Ra3+ 77. Kb2 Rh3
78. Bb5 Rh6 79. Kc3 Rh3+ 80. Kb2 Rg3 81. Rc8 Kd5 82. Rd8+ Ke6 83. Re8+ Kd6 84.
Rd8+ Ke6 85. Re8+ Kd5 86. Rd8+ Ke4 87. Rc8 1/2-1/2

[Event "33. Abierto Ciudad de Sevilla"]
[Site "Sevilla ESP"]
[Date "2008.01.09"]
[Round "6.17"]
[White "Belezky, Alexander"]
[Black "Melero Fidalgo, Juan de Dios"]
[Result "1-0"]
[WhiteElo "2449"]
[BlackElo "2184"]
[PlyCount "69"]
[EventDate "2008.01.05"]
[EventType "swiss"]
[EventRounds "9"]
[EventCountry "ESP"]
[Source "lmi"]
[SourceDate "2008.01.05"]

1. Nf3 d5 2. b3 Bg4 3. e3 e5 4. h3 Bxf3 5. Qxf3 c6 6. Bb2 Nd7 7. a3 Bd6 8. d3
Ne7 9. g4 O-O 10. Nd2 f5 11. Rg1 f4 12. e4 d4 13. g5 Ng6 14. Qg4 Re8 15. h4
Ngf8 16. Bh3 a5 17. Qd1 a4 18. b4 b5 19. Qb1 Rb8 20. Qa2+ Kh8 21. h5 Qe7 22.
Nf3 g6 23. Nh4 Kg7 24. Nf5+ gxf5 25. exf5 Qf7 26. Qxf7+ Kxf7 27. g6+ hxg6 28.
fxg6+ Kg8 29. g7 Ne6 30. Rg6 Nxg7 31. Bxd7 Bxb4+ 32. axb4 Re7 33. Bxc6 Kh8 34.
Rh6+ Kg8 35. Bd5+ 1-0

[Event "33. Abierto Ciudad de Sevilla"]
[Site "Sevilla ESP"]
[Date "2008.01.09"]
[Round "6.18"]
[White "Carretero Ortiz, Francisco"]
[Black "Lariño Nieto, David"]
[Result "1-0"]
[WhiteElo "2233"]
[BlackElo "2439"]
[PlyCount "69"]
[EventDate "2008.01.05"]
[EventType "swiss"]
[EventRounds "9"]
[EventCountry "ESP"]
[Source "lmi"]
[SourceDate "2008.01.05"]

1. e4 d5 2. Nc3 dxe4 3. Nxe4 Nd7 4. Bc4 e6 5. Nf3 Ngf6 6. Nxf6+ Nxf6 7. d4 Be7
8. O-O O-O 9. Ne5 Nd7 10. Bf4 Bf6 11. Re1 Nb6 12. Bb3 Bd7 13. c4 Rc8 14. a4 a5
15. Bc2 g6 16. b3 Be8 17. Be4 Rb8 18. Qd2 g5 19. Be3 Be7 20. Qxa5 f6 21. Nd3 f5
22. Bf3 f4 23. Bd2 Qxd4 24. Bb4 Rf5 25. Qa7 Ra8 26. Qxb7 Bxb4 27. Nxb4 Qd6 28.
Na6 g4 29. Bxg4 Rg5 30. Bxe6+ Kh8 31. Qxc7 Qc6 32. Bh3 Qh6 33. Qe7 Bc6 34. Re6
Qxh3 35. Qf6+ 1-0

[Event "33. Abierto Ciudad de Sevilla"]
[Site "Sevilla ESP"]
[Date "2008.01.09"]
[Round "6.20"]
[White "Garcia Luque, Agustin"]
[Black "Zarandieta Lopera, Victor"]
[Result "1-0"]
[WhiteElo "2387"]
[BlackElo "1928"]
[PlyCount "91"]
[EventDate "2008.01.05"]
[EventType "swiss"]
[EventRounds "9"]
[EventCountry "ESP"]
[Source "lmi"]
[SourceDate "2008.01.05"]

1. Nf3 d5 2. g3 c6 3. Bg2 g6 4. O-O Bg7 5. d3 Nf6 6. c3 Bg4 7. Qb3 Qc8 8. Nbd2
Nbd7 9. h3 Bxf3 10. Nxf3 O-O 11. c4 e6 12. Be3 dxc4 13. dxc4 Ne4 14. Rad1 Rd8
15. Qc2 Ndf6 16. Rxd8+ Qxd8 17. Nh2 Nd6 18. Rd1 Qe7 19. Bc5 Nfe8 20. Qd2 Bf8
21. Ng4 Qc7 22. Nh6+ Kg7 23. Ng4 Kg8 24. Qf4 Rd8 25. Rd3 b6 26. Bd4 Bg7 27.
Bxg7 Kxg7 28. Qe5+ Kf8 29. c5 bxc5 30. Qxc5 Qb6 31. Qxb6 axb6 32. Bxc6 Ke7 33.
Rb3 Nc4 34. Bxe8 Rxe8 35. Rb4 Rc8 36. b3 h5 37. bxc4 hxg4 38. hxg4 Rc6 39. Kf1
Kd6 40. e3 Kc5 41. a3 Rc7 42. Ra4 Rd7 43. Ke2 e5 44. Rb4 f6 45. Rb5+ Kc6 46. g5
1-0

[Event "33. Abierto Ciudad de Sevilla"]
[Site "Sevilla ESP"]
[Date "2008.01.10"]
[Round "7.1"]
[White "Lopez Martinez, Josep Manuel"]
[Black "Movsziszian, Karen"]
[Result "0-1"]
[WhiteElo "2550"]
[BlackElo "2527"]
[PlyCount "128"]
[EventDate "2008.01.05"]
[EventType "swiss"]
[EventRounds "9"]
[EventCountry "ESP"]
[Source "lmi"]
[SourceDate "2008.01.05"]

1. e4 d6 2. d4 Nf6 3. Nc3 g6 4. Be3 c6 5. h3 Nbd7 6. f4 Qa5 7. Qf3 b5 8. e5 b4
9. Nd1 Nd5 10. Bd2 e6 11. c4 bxc3 12. bxc3 dxe5 13. fxe5 Rb8 14. Bd3 c5 15. Ne2
cxd4 16. cxd4 Bb4 17. O-O Bxd2 18. Qxf7+ Kd8 19. Qg7 Re8 20. Qxh7 Ne7 21. Nf2
Ba6 22. Bxa6 Qxa6 23. Ng3 Be3 24. Nge4 Rb2 25. Qh4 Rf8 26. Kh1 g5 27. Qh6 Nf5
28. Qg6 Nxd4 29. Rad1 Kc7 30. Qg7 Bxf2 31. Nc5 Qc6 32. Nxd7 Qxg2+ 33. Kxg2 Be1+
34. Kg1 Ne2+ 35. Kg2 Ng3+ 36. Rf2 Rfxf2+ 37. Kxg3 Rf7+ 38. Rxe1 Rxg7 39. Nf8
Re7 40. Kg4 Rf2 41. Ng6 Rg7 42. Kh5 Rh7+ 43. Kg4 Rg2+ 44. Kf3 Rxa2 45. Kg3 a5
46. Nf8 Re7 47. Rd1 Rc2 48. Kg4 Rf2 49. Ng6 Rg7 50. Kh5 Rh7+ 51. Kg4 Rg2+ 52.
Kf3 Rb2 53. Kg4 a4 54. Ra1 Rg2+ 55. Kf3 Rh2 56. Kg4 R7xh3 57. Nf8 Rh6 58. Kxg5
Kc6 59. Ng6 Kb5 60. Nf4 Rh1 61. Ra3 Kb4 62. Rd3 a3 63. Rd8 Rh8 64. Rd4+ Kb5 0-1

[Event "33. Abierto Ciudad de Sevilla"]
[Site "Sevilla ESP"]
[Date "2008.01.10"]
[Round "7.4"]
[White "Vehi Bach, Victor Manuel"]
[Black "Epishin, Vladimir"]
[Result "1/2-1/2"]
[WhiteElo "2373"]
[BlackElo "2577"]
[PlyCount "50"]
[EventDate "2008.01.05"]
[EventType "swiss"]
[EventRounds "9"]
[EventCountry "ESP"]
[Source "lmi"]
[SourceDate "2008.01.05"]

1. e4 c5 2. Nf3 a6 3. d4 cxd4 4. Nxd4 Nf6 5. Nc3 e5 6. Nde2 Bc5 7. Ng3 d6 8.
Be2 O-O 9. O-O Be6 10. a4 Re8 11. Nd5 Bxd5 12. exd5 Nbd7 13. c3 g6 14. Bg5 e4
15. b4 Ba7 16. Qd2 Re5 17. c4 a5 18. Bf4 axb4 19. Bxe5 dxe5 20. Qxb4 Bd4 21.
Rab1 Nc5 22. Bd1 Nfd7 23. Bc2 e3 24. fxe3 Bxe3+ 25. Kh1 Qh4 1/2-1/2

[Event "33. Abierto Ciudad de Sevilla"]
[Site "Sevilla ESP"]
[Date "2008.01.10"]
[Round "7.6"]
[White "Burmakin, Vladimir"]
[Black "Pogorelov, Ruslan"]
[Result "1/2-1/2"]
[WhiteElo "2611"]
[BlackElo "2396"]
[PlyCount "77"]
[EventDate "2008.01.05"]
[EventType "swiss"]
[EventRounds "9"]
[EventCountry "ESP"]
[Source "lmi"]
[SourceDate "2008.01.05"]

1. Nf3 Nf6 2. c4 e6 3. g3 d5 4. b3 Be7 5. Bg2 O-O 6. O-O c5 7. cxd5 Nxd5 8. Bb2
Nc6 9. Nc3 Nxc3 10. Bxc3 Qb6 11. Rc1 Rd8 12. Qc2 Bd7 13. Qb2 Bf8 14. d3 Be8 15.
Nd2 Rac8 16. a3 a6 17. Nc4 Qa7 18. Rc2 b5 19. Na5 Qb6 20. Nxc6 Bxc6 21. Bxc6
Rxc6 22. Rfc1 Rdc8 23. a4 Qb7 24. Qa1 c4 25. axb5 axb5 26. bxc4 bxc4 27. Rb2
Qd7 28. d4 R6c7 29. Ra2 Rb7 30. Ra4 Rb3 31. e3 Qd5 32. Qa2 h5 33. h4 Rcb8 34.
Be1 Bb4 35. Bxb4 R8xb4 36. Rxb4 Rxb4 37. Qa3 Qb5 38. Rc2 g6 39. Kg2 1/2-1/2

[Event "33. Abierto Ciudad de Sevilla"]
[Site "Sevilla ESP"]
[Date "2008.01.10"]
[Round "7.7"]
[White "Barria, Daniel"]
[Black "Campora, Daniel Hugo"]
[Result "1/2-1/2"]
[WhiteElo "2427"]
[BlackElo "2535"]
[PlyCount "73"]
[EventDate "2008.01.05"]
[EventType "swiss"]
[EventRounds "9"]
[EventCountry "ESP"]
[Source "lmi"]
[SourceDate "2008.01.05"]

1. e4 d6 2. d4 Nf6 3. Nc3 g6 4. Be3 Bg7 5. Qd2 O-O 6. f3 c6 7. O-O-O b5 8. Kb1
Nbd7 9. g4 Nb6 10. g5 Nh5 11. b3 a5 12. Nce2 f5 13. gxf6 Nxf6 14. Ng3 a4 15. h4
axb3 16. cxb3 Be6 17. Bh3 Bf7 18. N1e2 Qb8 19. h5 Qa7 20. Nc1 Rfb8 21. hxg6
hxg6 22. Nf5 Nc4 23. Qg2 Nxe3 24. Nxe3 Kf8 25. Bf5 Nh5 26. Bxg6 Nf4 27. Qh2
Nxg6 28. Nf5 Bf6 29. e5 dxe5 30. dxe5 Bxe5 31. Qh6+ Ke8 32. Ng7+ Bxg7 33. Qxg7
e6 34. Rh8+ Nxh8 35. Qxh8+ Ke7 36. Qh4+ Ke8 37. Qh8+ 1/2-1/2

[Event "33. Abierto Ciudad de Sevilla"]
[Site "Sevilla ESP"]
[Date "2008.01.10"]
[Round "7.8"]
[White "Mirzoev, Azer"]
[Black "Garcia Luque, Agustin"]
[Result "1-0"]
[WhiteElo "2518"]
[BlackElo "2387"]
[PlyCount "57"]
[EventDate "2008.01.05"]
[EventType "swiss"]
[EventRounds "9"]
[EventCountry "ESP"]
[Source "lmi"]
[SourceDate "2008.01.05"]

1. d4 Nf6 2. Nf3 g6 3. g3 Bg7 4. Bg2 O-O 5. O-O d6 6. b3 e5 7. dxe5 Ng4 8. Bb2
Nc6 9. Qc1 dxe5 10. h3 Nh6 11. Nc3 Nd4 12. Rd1 Nhf5 13. Nxd4 exd4 14. Ne4 Bh6
15. Qb1 Qe7 16. c3 c5 17. Ba3 b6 18. cxd4 Bb7 19. dxc5 Bg7 20. c6 Qxa3 21. cxb7
Rab8 22. Rd7 Nd4 23. Qd1 Nxe2+ 24. Kh2 Bxa1 25. Qxa1 Qc1 26. Nf6+ Kh8 27. Qxc1
Nxc1 28. Rc7 Nxa2 29. Nd7 1-0

[Event "33. Abierto Ciudad de Sevilla"]
[Site "Sevilla ESP"]
[Date "2008.01.10"]
[Round "7.9"]
[White "Teran Alvarez, Ismael"]
[Black "Narciso Dublan, Marc"]
[Result "1-0"]
[WhiteElo "2404"]
[BlackElo "2513"]
[PlyCount "143"]
[EventDate "2008.01.05"]
[EventType "swiss"]
[EventRounds "9"]
[EventCountry "ESP"]
[Source "lmi"]
[SourceDate "2008.01.05"]

1. c4 e5 2. g3 Nf6 3. Bg2 d5 4. cxd5 Nxd5 5. Nc3 Nb6 6. Nf3 Nc6 7. O-O Be7 8.
d3 O-O 9. b3 Re8 10. Bb2 Bf8 11. Rc1 Nd4 12. Nd2 c6 13. Nc4 Bg4 14. h3 Bh5 15.
g4 Bg6 16. Ne4 f6 17. e3 Ne6 18. Qe2 Nd5 19. Rfd1 Qc7 20. h4 Rad8 21. a3 Nb6
22. Na5 Nc8 23. b4 Nd6 24. Ng3 h6 25. Nc4 Qf7 26. Na5 Rd7 27. Qf3 Red8 28. Qe2
Be7 29. Bf3 Bh7 30. Kg2 f5 31. Bxe5 Bxh4 32. Bxd6 fxg4 33. Bxg4 Rxd6 34. Nc4
Rd5 35. d4 Bxg3 36. fxg3 Ng5 37. Rf1 Qe7 38. Rf4 Ne6 39. Rf2 Ng5 40. Ne5 Rf8
41. Rxf8+ Qxf8 42. Rf1 Qe7 43. Kh2 Be4 44. Qf2 Rd6 45. Qa2+ Bd5 46. Qc2 Rf6 47.
Rf4 Ne6 48. Rf5 Ng5 49. Rf4 b6 50. Bf5 Qe8 51. Bg6 Qe7 52. e4 Rxf4 53. gxf4 Ne6
54. Bh7+ Kxh7 55. exd5+ Kg8 56. dxe6 Qh4+ 57. Kg2 Qxf4 58. Qf2 Qg5+ 59. Kf1
Qc1+ 60. Kg2 Qg5+ 61. Kh3 Qh5+ 62. Qh4 Qf5+ 63. Qg4 Qf1+ 64. Kg3 Qg1+ 65. Kf3
Qd1+ 66. Ke3 Qc1+ 67. Ke4 Qe1+ 68. Kf4 Qf2+ 69. Qf3 Qc2 70. Qe4 Qf2+ 71. Nf3
Kf8 72. Qxc6 1-0

[Event "33. Abierto Ciudad de Sevilla"]
[Site "Sevilla ESP"]
[Date "2008.01.10"]
[Round "7.11"]
[White "Karim, Ismael"]
[Black "Komljenovic, Davorin"]
[Result "1-0"]
[WhiteElo "2366"]
[BlackElo "2482"]
[PlyCount "53"]
[EventDate "2008.01.05"]
[EventType "swiss"]
[EventRounds "9"]
[EventCountry "ESP"]
[Source "lmi"]
[SourceDate "2008.01.05"]

1. e4 c5 2. Nf3 d6 3. Nc3 Nf6 4. d4 cxd4 5. Qxd4 Nc6 6. Bb5 Bd7 7. Bxc6 Bxc6 8.
Bg5 e6 9. O-O-O h6 10. Bd2 Be7 11. Qd3 Ng4 12. Qe2 Qb6 13. Rhf1 O-O 14. h3 Ne5
15. Be3 Qb4 16. Nd2 b5 17. a3 Qa5 18. f4 Nc4 19. Nxc4 bxc4 20. f5 d5 21. Bxh6
d4 22. Nd5 exd5 23. Qg4 g6 24. fxg6 f5 25. Rxf5 Rfe8 26. Bd2 c3 27. Qh5 1-0

[Event "33. Abierto Ciudad de Sevilla"]
[Site "Sevilla ESP"]
[Date "2008.01.10"]
[Round "7.12"]
[White "Fernandez Romero, Ernesto"]
[Black "Carretero Ortiz, Francisco"]
[Result "1-0"]
[WhiteElo "2462"]
[BlackElo "2233"]
[PlyCount "69"]
[EventDate "2008.01.05"]
[EventType "swiss"]
[EventRounds "9"]
[EventCountry "ESP"]
[Source "lmi"]
[SourceDate "2008.01.05"]

1. e4 d5 2. exd5 Nf6 3. Nf3 Nxd5 4. d4 Bf5 5. Nh4 Bc8 6. g3 g6 7. Bg2 Bg7 8.
O-O O-O 9. c3 Nc6 10. Na3 Nb6 11. f4 Be6 12. Nf3 a5 13. Re1 a4 14. Nc2 Ra5 15.
Qe2 Bc4 16. Qf2 Be6 17. Ne3 Nc4 18. Ng5 Nxe3 19. Nxe6 fxe6 20. Qxe3 Nxd4 21.
Rd1 c5 22. Qe1 a3 23. b4 cxb4 24. cxd4 Bxd4+ 25. Be3 e5 26. Bxd4 exd4 27. Qxb4
e5 28. Rac1 exf4 29. Rxd4 Qg5 30. gxf4 Qf6 31. Qd6 Qxd6 32. Rxd6 Rxf4 33. Rc7
Rf7 34. Bd5 Rxd5 35. Rc8+ 1-0

[Event "33. Abierto Ciudad de Sevilla"]
[Site "Sevilla ESP"]
[Date "2008.01.10"]
[Round "7.14"]
[White "Chasovnikova, Eugenia"]
[Black "Belezky, Alexander"]
[Result "0-1"]
[WhiteElo "2184"]
[BlackElo "2449"]
[PlyCount "70"]
[EventDate "2008.01.05"]
[EventType "swiss"]
[EventRounds "9"]
[EventCountry "ESP"]
[Source "lmi"]
[SourceDate "2008.01.05"]

1. d4 Nf6 2. Nf3 e6 3. c4 Bb4+ 4. Nbd2 b6 5. a3 Bxd2+ 6. Bxd2 h6 7. g3 Bb7 8.
Bg2 d6 9. O-O O-O 10. b4 Nbd7 11. Bc3 Be4 12. Qb3 Qb8 13. Bb2 b5 14. c5 a5 15.
Rfc1 Qb7 16. bxa5 Rxa5 17. Bh3 Bd5 18. Qc2 Ra6 19. Nd2 Ne4 20. f3 Nxd2 21. Qxd2
Qa7 22. e4 Bc4 23. Kh1 dxc5 24. dxc5 Nxc5 25. Bf1 Nb3 26. Qc3 f6 27. Bxc4 bxc4
28. Qxc4 Nxa1 29. Bxa1 Qe3 30. f4 Rd8 31. Kg2 Rd2+ 32. Kh3 Qf3 33. Qb5 h5 34.
Qe8+ Kh7 35. Bxf6 Qg4# 0-1

[Event "33. Abierto Ciudad de Sevilla"]
[Site "Sevilla ESP"]
[Date "2008.01.10"]
[Round "7.15"]
[White "Korneev, Oleg"]
[Black "Robles Garcia, Claudia"]
[Result "1-0"]
[WhiteElo "2645"]
[BlackElo "2203"]
[PlyCount "63"]
[EventDate "2008.01.05"]
[EventType "swiss"]
[EventRounds "9"]
[EventCountry "ESP"]
[Source "lmi"]
[SourceDate "2008.01.05"]

1. e4 c5 2. Nf3 d6 3. d4 cxd4 4. Nxd4 Nf6 5. f3 a6 6. c4 e6 7. Nc3 Be7 8. Be3
Qc7 9. Be2 Nbd7 10. O-O O-O 11. Qd2 b6 12. Rfc1 Bb7 13. b4 Rad8 14. a4 Rfe8 15.
Bf1 Qb8 16. Rab1 Qa8 17. Qf2 Bf8 18. Nb3 d5 19. exd5 exd5 20. c5 bxc5 21. bxc5
Rc8 22. Bd4 Bc6 23. Na5 Qa7 24. Na2 Qc7 25. Nxc6 Qxc6 26. Nb4 Qxa4 27. Nxa6 Ne5
28. Bb5 Qa5 29. Bxe8 Nd3 30. Rd1 Qd8 31. Qe3 Nc1 32. Bb5 1-0

[Event "33. Abierto Ciudad de Sevilla"]
[Site "Sevilla ESP"]
[Date "2008.01.10"]
[Round "7.18"]
[White "Justiniano Marquez, Marco Antonio"]
[Black "Kononenko, Tatiana"]
[Result "0-1"]
[WhiteElo "2144"]
[BlackElo "2378"]
[PlyCount "58"]
[EventDate "2008.01.05"]
[EventType "swiss"]
[EventRounds "9"]
[EventCountry "ESP"]
[Source "lmi"]
[SourceDate "2008.01.05"]

1. d4 d5 2. g3 Nf6 3. Bg2 c6 4. c3 Bf5 5. Nf3 e6 6. Qb3 Qb6 7. Nbd2 Nbd7 8. Nh4
Be7 9. Nxf5 exf5 10. Qxb6 Nxb6 11. Nf3 Ne4 12. Ne5 f6 13. Nd3 h5 14. h4 Nd7 15.
Bh3 g6 16. f3 Nd6 17. Bf4 Kf7 18. O-O-O Nf8 19. Rde1 Ne6 20. Be3 Bf8 21. Kc2
Bh6 22. Bg1 Rae8 23. b3 Re7 24. Bh2 Rhe8 25. g4 Nb5 26. g5 Nexd4+ 27. cxd4
Rxe2+ 28. Kc1 Bf8 29. Ne5+ R8xe5 0-1

[Event "33. Abierto Ciudad de Sevilla"]
[Site "Sevilla ESP"]
[Date "2008.01.10"]
[Round "7.19"]
[White "Ivanov, Jordan"]
[Black "Martin Vazquez, Jose Miguel"]
[Result "1-0"]
[WhiteElo "2371"]
[BlackElo "2102"]
[PlyCount "73"]
[EventDate "2008.01.05"]
[EventType "swiss"]
[EventRounds "9"]
[EventCountry "ESP"]
[Source "lmi"]
[SourceDate "2008.01.05"]

1. Nf3 Nf6 2. c4 d6 3. d4 g6 4. Nc3 Bg7 5. e4 O-O 6. h3 c5 7. d5 e6 8. Bd3 exd5
9. cxd5 a6 10. a4 Re8 11. O-O c4 12. Bxc4 Nxe4 13. Nxe4 Rxe4 14. Bg5 Bf6 15.
Bd3 Re8 16. Bxf6 Qxf6 17. Re1 Rxe1+ 18. Qxe1 Qd8 19. Qb4 b6 20. Qf4 Ra7 21. Nd2
Re7 22. Nc4 Bb7 23. Qd4 b5 24. axb5 axb5 25. Na5 b4 26. f4 Qc8 27. Nb3 Nd7 28.
Qxb4 Nc5 29. Nxc5 Qxc5+ 30. Qxc5 dxc5 31. Ra7 Kf8 32. d6 Re3 33. Bc4 Bc6 34.
Rc7 Ba4 35. b3 Bxb3 36. Bxb3 Rxb3 37. Rc8+ 1-0

[Event "33. Abierto Ciudad de Sevilla"]
[Site "Sevilla ESP"]
[Date "2008.01.10"]
[Round "7.20"]
[White "Oliva del Amo, Antonio J"]
[Black "Rodriguez Aguilera, Aurelio"]
[Result "1/2-1/2"]
[WhiteElo "2115"]
[BlackElo "2238"]
[PlyCount "34"]
[EventDate "2008.01.05"]
[EventType "swiss"]
[EventRounds "9"]
[EventCountry "ESP"]
[Source "lmi"]
[SourceDate "2008.01.05"]

1. c4 g6 2. Nc3 Bg7 3. d4 Nf6 4. e4 d6 5. f4 O-O 6. Nf3 c5 7. d5 e6 8. Be2 exd5
9. cxd5 Bg4 10. O-O Nbd7 11. Re1 a6 12. e5 Nh5 13. e6 fxe6 14. dxe6 Bxe6 15.
Ng5 Bd4+ 16. Kh1 Bf7 17. Bxh5 gxh5 1/2-1/2

[Event "33. Abierto Ciudad de Sevilla"]
[Site "Sevilla ESP"]
[Date "2008.01.11"]
[Round "8.1"]
[White "Aroshidze, Levan"]
[Black "Movsziszian, Karen"]
[Result "1/2-1/2"]
[WhiteElo "2535"]
[BlackElo "2527"]
[PlyCount "41"]
[EventDate "2008.01.05"]
[EventType "swiss"]
[EventRounds "9"]
[EventCountry "ESP"]
[Source "lmi"]
[SourceDate "2008.01.05"]

1. e4 g6 2. d4 Bg7 3. Nc3 c6 4. Be3 Qb6 5. a3 d6 6. h3 Nd7 7. Nf3 Qc7 8. Bc4
Ngf6 9. g4 O-O 10. Ba2 a6 11. O-O b6 12. Nd2 Bb7 13. f4 e6 14. e5 Nd5 15. Nxd5
cxd5 16. c4 Rad8 17. Rc1 dxc4 18. Nxc4 dxe5 19. fxe5 Qb8 20. Qe2 Bd5 21. b4
1/2-1/2